00773nab a2200205uuc4500001000800000005001700008008004100025035001200066040001300078041000800091100006900099245010700168650003400275650003900309650002400348700005100372773011500423942001000538999001900548134274220240806090523.0130912s1996 spa  a1342742 ccomduadb aspa10aPardavé Livia, Walter,d1966-4aut0(viaf)2266487eaut954007910aTratamientos de residuos y reciclaje de materiales mediante operaciones del procesamiento de minerales aResiduos - Tratamiento953216 aProcesamiento de minerales9208070 7aReciclaje2dcs937110aVásquez Quintero, Custodio4auteaut95913810 tRevista Informetal (Medellín)gVolumen 17, Número 47, Abril-Junio 1996, p. 17-20w195184x0122-1299084669 cARIMP c671302d671302